[Event "Match"]
[Site "www.echecsemail.com"]
[Date "2017.11.12"]
[Round "1"]
[White "Pinehill"]
[Black "Apdash"]
[WhiteElo "2050"]
[BlackElo "2230"]
[Result "1/2-1/2"]
[Round "1"]
1.e4 c5
2.Ng1f3 d6
3.c3 g6
4.d4 cxd4
5.cxd4 Bf8g7
6.Bf1b5 Bc8d7
7.Bb5xd7 Qd8xd7
8.Nb1c3 Ng8f6
9.O-O O-O
10.Qd1b3 h6
11.Bc1e3 Nf6g4
12.Rf1e1 Ng4xe3
13.Re1xe3 Nb8c6
14.Ra1d1 Nc6a5
15.Qb3b5 Qd7xb5
16.Nc3xb5 a6
17.Nb5c7 Ra8c8
18.Nc7d5 Rf8e8
19.Re3c3 Rc8xc3
20.Nd5xc3 b5
21.Nc3d5 e5
22.dxe5 dxe5
23.Nd5c7 Re8c8
24.Nc7xa6 Rc8c2
25.b4 Na5c4
26.h3 Rc2xa2
27.Na6c7 Ra2b2
28.Nc7xb5 Rb2xb4
29.Nb5c3 Rb4b3
30.Nc3d5 f6
31.Nd5e7 Kf7
32.Rd1d7 Ke6
33.Rd7c7 Kd6
34.Rc7xc4 Kxe7
35.Rc4c7 Kf8
36.Nf3h4 Rb3b8
37.Nh4xg6 Kg8
38.Ng6e7 Kh8
39.Ne7f5 Rb8g8
40.h4 Kh7
41.h5 Kh8
42.Nf5d6 Rg8a8
43.Kh2 Bg7f8
44.Nd6f7 Kg8
45.Rc7d7 Ra8a2
46.Kg3 Ra2a6
47.Nf7d8 Bf8a3
48.Rd7d3 Ba3c1
49.Nd8b7 Bc1g5
50.Nb7c5 Ra6c6
51.Rd3d8 Kf7
52.Nc5d3 Rc6c4
53.f3 Ke7
54.Rd8a8 Rc4c3
55.Nd3b4 Rc3b3
56.Nb4d5 Ke6
57.Ra8a6 Kf7
58.Kg4 Rb3d3
59.Kf5 Rd3d2
60.Nd5xf6 Rd2xg2
61.Nf6d7 Bg5f4
62.Nd7xe5 Bf4xe5
63.Kxe5 Rg2g5
64.Kd4 Rg5xh5
65.f4 Rh5h1
66.Ke5 h5
67.f5 h4
68.Ra6h6 h3
69.f6 h2
70.Rh6h7 Kg6
71.Rh7h8 Rh1a1
72.Rh8xh2 Ra1a5
73.Kf4 Kxf6
74.Rh2h6 Ke7
75.e5 Ra5a1
76.e6 Ra1f1
77.Kg3 Rf1e1
78.Kf2 { draw }
1/2-1/2

[Event "Match"]
[Site "www.echecsemail.com"]
[Date "2017.11.12"]
[Round "1"]
[White "Caspito"]
[Black "Gambitmiau"]
[WhiteElo "1950"]
[BlackElo "1970"]
[Result "1-0"]
[Round "1"]
1.e4 Nb8c6
2.Ng1f3 d5
3.e5 Bc8g4
4.d4 Nc6xd4
5.Qd1xd4 Bg4xf3
6.gxf3 e6
7.Bc1d2 b6
8.Bf1b5 Ke7
9.Bd2b4 { resign }
1-0

[Event "Match"]
[Site "www.echecsemail.com"]
[Date "2017.11.12"]
[Round "1"]
[White "Szustan"]
[Black "Tonino1"]
[WhiteElo "2490"]
[BlackElo "2190"]
[Result "1-0"]
[Round "1"]
1.e4 d6
2.d4 Ng8f6
3.Nb1c3 g6
4.f4 Bf8g7
5.Ng1f3 O-O
6.Bf1d3 c6
7.O-O Qd8c7
8.Qd1e1 b6
9.Qe1h4 Nb8d7
10.e5 dxe5
11.fxe5 Nf6e8
12.Nc3e4 e6
13.Nf3g5 h6
14.Rf1xf7 hxg5
15.Ne4xg5 Rf8xf7
16.Qh4h7  { time }
1-0

[Event "Match"]
[Site "www.echecsemail.com"]
[Date "2017.11.12"]
[Round "1"]
[White "Irene"]
[Black "Tonino1"]
[WhiteElo "2070"]
[BlackElo "2170"]
[Result "1-0"]
[Round "1"]
1.d4 Ng8f6
2.Nb1c3 g6
3.e4 d6
4.Bc1g5 Bf8g7
5.Ng1f3 O-O
6.Qd1d2 Rf8e8
7.Bf1c4 c6
8.Bg5h6 Bg7h8
9.Qd2f4 Qd8c7
10.Nf3g5 e6
11.e5 Nf6h5
12.exd6 Nh5xf4
13.dxc7 Nb8a6
14.Bc4xa6 bxa6
15.Ng5f3 Nf4xg2
16.Kf1  { time }
1-0

[Event "Match"]
[Site "www.echecsemail.com"]
[Date "2017.11.12"]
[Round "1"]
[White "Tonino1"]
[Black "Luzhin"]
[WhiteElo "2260"]
[BlackElo "2360"]
[Result "0-1"]
[Round "1"]
1.d4 Ng8f6
2.f4 d5
3.e3 c5
4.c3 Bc8g4
5.Ng1f3 e6
6.Bf1d3 Bf8d6
7.h3 Bg4f5
8.Bd3xf5 exf5
9.O-O O-O
10.Nf3e5 Rf8e8
11.Nb1d2 Nb8c6
12.Nd2f3 Nf6e4
13.Qd1e1 Ra8b8
14.Bc1d2 Qd8b6
15.Ne5d7 Qb6xb2
16.Nd7xb8 Re8xb8
17.Qe1b1 Qb2a3
18.Qb1b3 c4
19.Qb3xa3 Bd6xa3
20.Ra1b1 b5
21.Rf1d1 a5
22.Nf3e1 Ba3d6
23.Ne1f3 b4
24.cxb4 axb4
25.Nf3e5 Bd6xe5
26.fxe5 c3
27.Bd2e1 c2
 { time }
0-1

[Event "Match"]
[Site "www.echecsemail.com"]
[Date "2017.11.12"]
[Round "1"]
[White "Rindrandria"]
[Black "Ranjachess"]
[WhiteElo "1800"]
[BlackElo "1820"]
[Result "0-1"]
[Round "1"]
1.e4 e5
2.c3 a6
3.b4 d6
4.Qd1b3 Bc8e6
5.c4 Nb8c6
6.Nb1c3 Nc6d4
7.Qb3a4 Qd8d7
8.b5 Ng8f6
9.f4 g6
10.Bc1b2 Bf8h6
11.Nc3e2 Nf6xe4
12.Ne2xd4 Ne4c5
13.Qa4a3 exd4
14.Bb2xd4 O-O
15.Bd4xc5 axb5
16.Bc5a7 Be6xc4
17.Ng1e2 b6
18.Ne2c3 Rf8e8
19.Bf1e2 Qd7g4
20.O-O Bc4xe2
21.Rf1e1 Bh6xf4
22.Nc3d5 Bf4xh2
23.Kh1 Bh2e5
24.Nd5xc7 Qg4h4
25.Kg1 Ra8xa7
26.g3 Be5d4
27.Kg2 Qh4e4
28.Kh2 Ra7xa3
29.Nc7xb5 Re8e5
30.Nb5xd4 Re5h5
31.Kg1 Ra3xg3
32.Kf2 Qe4g2

0-1

[Event "1/64 Finale"]
[Site "www.chess-mail.com"]
[Date "2017.11.12"]
[Round "1"]
[White "Bojan"]
[Black "Szustan"]
[WhiteElo "2030"]
[BlackElo "2490"]
[Result "0-1"]
[Round "1"]
1.e4 e5
2.Ng1f3 Nb8c6
3.d4 exd4
4.Nf3xd4 Nc6xd4
5.Qd1xd4 d6
6.Bc1f4 Ng8f6
7.Bf1e2 Bf8e7
8.Nb1c3 O-O
9.Ra1d1 Nf6d7
10.Nc3d5 Nd7f6
11.Nd5xe7 Qd8xe7
12.e5 Rf8e8
13.Bf4g5 Qe7xe5
14.Qd4xe5 Re8xe5
15.Bg5xf6 gxf6
16.Rd1d2 Bc8e6
17.b3 Ra8e8
18.Kd1 Be6f5
19.Be2f3 Bf5e4
20.Bf3xe4 Re5xe4
21.f3 Re4e6
22.c4 b6
23.g3 a5
24.Rh1g1 f5
25.f4 Kf8
26.Rg1g2 Ke7
27.Kc2 h5
28.Kd3 Re8g8
29.Kd4 Kd7
30.a3 a4
31.b4 Rg8e8
32.b5 Re6e3
33.Rd2d3 Re8e4
34.Kc3 Re3e1
35.Kb4 Re1b1
36.Kc3 Rb1b3
37.Kc2 Re4xc4
{ resign }
0-1

[Event "1/64 Finale"]
[Site "www.chess-mail.com"]
[Date "2017.11.12"]
[Round "1"]
[White "Luban"]
[Black "Julian"]
[WhiteElo "2110"]
[BlackElo "1530"]
[Result "0-1"]
[Round "1"]
1.d4 d5
2.Ng1f3 Ng8f6
3.h3 c5
4.dxc5 Nb8c6
5.a3 e5
6.e3 Bf8xc5
7.Bf1b5 O-O
8.Bb5xc6 bxc6
9.Nf3xe5 Rf8e8
10.Ne5xc6 Qd8b6
11.Nc6d4 Bc5xd4
12.c3 Bd4e5
13.Nb1d2 Bc8a6
14.Nd2f3 Be5c7
15.Nf3d4 Ra8c8
16.Nd4e2 Bc7d6
17.O-O Bd6b8
18.Rf1e1 Qb6d6
19.Ne2d4 Qd6h2
{ resign }
0-1

[Event "Tourn. n9584"]
[Site "www.chess-mail.com"]
[Date "2017.11.13"]
[Round "1"]
[White "Tonino1"]
[Black "Jazzy"]
[WhiteElo "2340"]
[BlackElo "2240"]
[Result "0-1"]
[Round "1"]
1.d4 Ng8f6
2.f4 d5
3.e3 e6
4.Bf1d3 b6
5.Ng1f3 Bc8b7
6.O-O Bf8e7
7.c3 Nb8d7
8.Nb1d2 Nf6e4
9.Qd1c2 f5
10.Nf3e5 Nd7xe5
11.fxe5 Ne4g5
12.h4 Ng5f7
13.g3 g5
14.h5 g4
15.Kg2 Qd8d7
16.Rf1h1 O-O-O
17.a4 Nf7xe5
18.dxe5 d4
19.e4 dxc3
20.Bd3e2 cxd2
 { time }
0-1

[Event "Tourn. n9490"]
[Site "www.chess-mail.com"]
[Date "2017.11.13"]
[Round "1"]
[White "Prize64"]
[Black "Ditto"]
[WhiteElo "1770"]
[BlackElo "1870"]
[Result "1-0"]
[Round "1"]
1.e4 e5
2.Ng1f3 Nb8c6
3.Bf1c4 Ng8f6
4.Nf3g5 d5
5.exd5 Nc6d4
6.c3 Nd4f5
7.d3 Bf8c5
8.O-O O-O
9.Nb1d2 Nf5d6
10.Bc4b3 Bc8g4
11.Qd1e1 Rf8e8
12.Ng5e4 Bc5b6
13.Ne4xf6 Qd8xf6
14.Nd2e4 Nd6xe4
15.dxe4 Ra8d8
16.Bc1e3 Qf6g6
17.f3 Bg4h3
18.Rf1f2 Bb6xe3
19.Qe1xe3 Rd8d6
20.Kh1 Bh3d7
21.Qe3xa7 Rd6b6
22.Qa7a5 Qg6d6
23.c4 Rb6a6
24.Qa5d2 Qd6g6
25.c5 Ra6f6
26.g3 Qg6h5
27.Bb3d1 Rf6g6
28.f4 Qh5h3
29.Rf2g2 Rg6xg3
30.f5 Rg3d3
31.Qd2g5 Kf8
32.Qg5xg7 Ke7
33.Bd1g4 Qh3h4
34.f6 Qh4xf6
35.Qg7xf6 Kxf6
36.Bg4xd7 Re8h8
37.Ra1f1 Ke7
38.Bd7b5 f6
39.Bb5xd3 Kf7
40.d6 cxd6
41.cxd6 Ke6
42.Rg2g7 b6
43.d7 h5
44.Rf1d1 Rh8d8
45.Bd3c4 { resign }
1-0

[Event "Tourn. n9582"]
[Site "www.chess-mail.com"]
[Date "2017.11.13"]
[Round "1"]
[White "Vaido12"]
[Black "Apdash"]
[WhiteElo "2500"]
[BlackElo "2260"]
[Result "1-0"]
[Round "1"]
1.e4 c5
2.Ng1f3 d6
3.d4 cxd4
4.Nf3xd4 Nb8c6
5.c4 Bc8d7
6.Nb1c3 Ng8f6
7.Bf1e2 Qd8b6
8.Bc1e3 Nc6xd4
9.Be3xd4 Qb6a5
10.f3 g6
11.Qd1d2 Bf8g7
12.O-O-O O-O
13.Kb1 a6
14.g4 b5
15.Nc3d5 Qa5d8
16.Bd4b6 Qd8b8
17.Nd5xe7 Kh8
18.Qd2xd6 Qb8xd6
19.Rd1xd6 Bd7e6
20.Ne7d5 Be6xd5
21.cxd5 Rf8e8
22.Rh1c1 Re8e7
23.Rc1c6 Nf6e8
24.Rd6d8 Ra8xd8
25.Bb6xd8 Re7d7
26.Bd8h4 Rd7c7
27.d6 Rc7xc6
28.d7 { resign }
1-0

[Event "Tourn. n9546"]
[Site "www.chess-mail.com"]
[Date "2017.11.13"]
[Round "1"]
[White "Fabos12"]
[Black "Luban"]
[WhiteElo "1990"]
[BlackElo "2060"]
[Result "0-1"]
[Round "1"]
1.d4 d5
2.Bc1f4 e6
3.e3 c5
4.c3 a6
5.Ng1f3 Nb8c6
6.Nb1d2 h6
7.h3 Ng8f6
8.Bf1d3 Bf8d6
9.Bf4xd6 Qd8xd6
10.dxc5 Qd6xc5
11.Nd2b3 Qc5e7
12.Nb3d4 Bc8d7
13.Qd1c2 Ra8c8
14.e4 Nc6b4
15.Qc2d1 Nb4xd3
16.Qd1xd3 dxe4
17.Qd3c2 exf3
18.gxf3 Nf6d5
19.O-O-O O-O
20.Rd1d3 Nd5b4
21.Qc2e2 Nb4xd3
22.Qe2xd3 Rf8d8
23.Qd3e3 Qe7f6
24.Nd4e2 Bd7c6
25.Ne2d4 Rd8xd4
26.cxd4 Bc6xf3
27.Kd2 Bf3xh1
{ resign }
0-1

[Event "Tourn. n9601"]
[Site "www.chess-mail.com"]
[Date "2017.11.13"]
[Round "1"]
[White "Libiesse"]
[Black "Cristiano"]
[WhiteElo "1830"]
[BlackElo "1770"]
[Result "1/2-1/2"]
[Round "1"]
1.d4 Ng8f6
2.c4 g6
3.Nb1c3 Bf8g7
4.Ng1f3 d6
5.Bc1g5 Nb8d7
6.e3 O-O
7.Bf1d3 e5
8.dxe5 dxe5
9.O-O c6
10.Bd3c2 Qd8e7
11.Qd1e2 Nd7c5
12.Rf1d1 Qe7e6
13.b4 Nc5a6
14.a3 Na6c7
15.Rd1d2 Nf6g4
16.e4 h6
17.Bg5e3 Ng4xe3
18.fxe3 b6
19.Ra1d1 Qe6e7
20.h3 Bc8e6
21.Nf3h2 Rf8d8
22.Nh2f3 Rd8xd2
23.Rd1xd2 Ra8d8
24.Qe2d1 Rd8xd2
25.Nf3xd2 b5
26.cxb5 cxb5
27.Nd2b3 Qe7d7
28.Kf2 Bg7f8
29.Kf3 { draw }
1/2-1/2

[Event "Tourn. n9609"]
[Site "www.chess-mail.com"]
[Date "2017.11.13"]
[Round "1"]
[White "Apdash"]
[Black "Jose"]
[WhiteElo "2280"]
[BlackElo "2810"]
[Result "0-1"]
[Round "1"]
1.d4 Ng8f6
2.c4 g6
3.g3 Bf8g7
4.Bf1g2 d5
5.cxd5 Nf6xd5
6.e4 Nd5b6
7.Ng1f3 O-O
8.Nb1c3 Bc8g4
9.Bc1e3 Nb6c4
10.Qd1b3 Nc4xe3
11.fxe3 c5
12.Qb3xb7 Nb8d7
13.O-O Bg4xf3
14.Rf1xf3 cxd4
15.exd4 Bg7xd4
16.Kh1 Nd7e5
17.Rf3f1 Ra8b8
18.Qb7d5 Rb8xb2
19.Qd5xd8 Rf8xd8
20.Nc3d5 Rb2xg2
21.Kxg2 Bd4xa1
22.Rf1xa1 e6
23.Nd5f6 Kg7
24.Ra1f1 Rd8d2
25.Kh3 Rd2xa2
26.g4 Ra2a3
27.Kg2 Ne5c4
28.Rf1f2 Nc4e3
{ resign }
0-1

[Event "Tourn. n9445"]
[Site "www.chess-mail.com"]
[Date "2017.11.13"]
[Round "1"]
[White "Szustan"]
[Black "Seger"]
[WhiteElo "2550"]
[BlackElo "2710"]
[Result "0-1"]
[Round "1"]
1.e4 e5
2.Ng1f3 Nb8c6
3.Nb1c3 Ng8f6
4.d4 exd4
5.Nc3d5 Nf6xe4
6.Qd1e2 f5
7.Nf3g5 d3
8.cxd3 Nc6d4
9.Qe2h5 g6
10.Qh5h4 c6
11.dxe4 cxd5
12.exd5 Qd8a5
13.Bc1d2 Qa5a4
14.Qh4g3 f4
15.Qg3c3 Bf8g7
16.b3 Qa4a3
17.Qc3d3 O-O
18.Bd2c3 d6
19.Bc3xd4 Qa3b4
20.Qd3d2 Qb4xd2
21.Kxd2 Bg7xd4
22.Ra1d1 Bd4xf2
23.Ng5e6 Bf2e3
24.Kc3 Rf8f5
25.Bf1d3 Rf5h5
26.Kb2 Bc8d7
27.h3 Rh5e5
28.Rh1f1 Bd7xe6
29.dxe6 d5
30.Bd3e2 d4
31.Be2f3 Ra8b8
32.Rf1e1 Kg7
33.Kb1 b6
34.Re1e2 Rb8c8
35.Re2c2 Re5c5
36.Rc2xc5 Rc8xc5
37.b4 Rc5c7
38.Bf3g4 Kf6
39.Kb2 h5
40.Bg4e2 Kxe6
41.a4 Kf5
42.h4 Rc7c3
43.Be2f3 g5
44.hxg5 Kxg5
45.Rd1h1 h4
46.Bf3e4 Be3d2
47.a5 Rc3e3
{ resign }
0-1

[Event "Tourn. n9534"]
[Site "www.chess-mail.com"]
[Date "2017.11.13"]
[Round "1"]
[White "Fantomas"]
[Black "Karousek"]
[WhiteElo "2190"]
[BlackElo "2160"]
[Result "1-0"]
[Round "1"]
1.Ng1f3 c5
2.e4 d6
3.d4 cxd4
4.Nf3xd4 Ng8f6
5.Nb1c3 a6
6.f4 Qd8c7
7.Bf1e2 e5
8.Nd4b3 Bc8e6
9.f5 Be6c4
10.Bc1g5 Nb8d7
11.Be2xc4 Qc7xc4
12.Nb3d2 Qc4c7
13.Qd1f3 Bf8e7
14.Ra1d1 h6
15.Bg5e3 Ra8c8
16.O-O O-O
17.Qf3g3 Kh7
18.a3 b5
19.Be3f2 Nd7b6
20.Rf1e1 Rf8d8
21.Kh1 d5
22.Bf2xb6 Qc7xb6
23.Nc3xd5 Nf6xd5
24.exd5 Rd8xd5
25.Nd2c4 Rc8xc4
26.f6 Qb6xf6
27.Rd1xd5 Rc4xc2
28.Rd5xe5 Be7d6
29.Qg3d3 g6
30.Qd3xc2 Bd6xe5
31.Qc2e2 Be5xb2
32.Re1f1 Qf6g7
33.Qe2e8 f5
34.Rf1d1 Bb2d4
35.Qe8a8 b4
36.Qa8d5 Bd4c3
37.Qd5e6 Qg7g8
38.Qe6xg8 Kxg8
39.Rd1d6 a5
40.axb4 axb4
41.Rd6xg6 Kh7
42.Rg6c6 Bc3d2
43.g3 Kg7
44.Kg2 Kh7
45.Kf3 Kg7
46.Rc6d6 Bd2c1
{ time. }
1-0

[Event "Tourn. n9587"]
[Site "www.chess-mail.com"]
[Date "2017.11.13"]
[Round "1"]
[White "Vios"]
[Black "Luban"]
[WhiteElo "2140"]
[BlackElo "2090"]
[Result "1-0"]
[Round "1"]
1.e4 c6
2.d4 d5
3.f3 dxe4
4.fxe4 e6
5.Ng1f3 g6
6.Nb1c3 Bf8g7
7.Bc1e3 Ng8f6
8.Bf1d3 Nb8d7
9.Qd1d2 Nd7b6
10.Be3h6 O-O
11.h4 Rf8e8
12.O-O-O Nf6h5
13.g4 Nh5f6
14.Rd1g1 Nf6xg4
15.Bh6xg7 Kxg7
16.Rg1xg4 e5
17.Rg4g2 exd4
18.h5 dxc3
19.Qd2xc3 f6
20.hxg6 hxg6
21.e5 f5
22.e6 { resign }
1-0

[Event "Tourn. n9569"]
[Site "www.chess-mail.com"]
[Date "2017.11.13"]
[Round "1"]
[White "Coolant"]
[Black "Tonino1"]
[WhiteElo "2280"]
[BlackElo "2310"]
[Result "1-0"]
[Round "1"]
1.d4 Ng8f6
2.Ng1f3 g6
3.Bc1f4 Bf8g7
4.e3 O-O
5.Nb1d2 d6
6.Bf1d3 c6
7.O-O Qd8c7
8.e4 Nf6h5
9.Bf4e3 e5
10.dxe5 dxe5
11.Bd3c4 Nh5f4
12.Be3xf4 exf4
13.c3 b5
14.Bc4b3 Bc8e6
15.Bb3xe6 fxe6
16.Qd1b3 Qc7e7
17.a4 bxa4
18.Ra1xa4 Nb8d7
19.Qb3a2 Nd7b6
20.Ra4a5 Kh8
21.Rf1a1 Rf8f7
22.Nd2c4 Nb6xc4
23.Qa2xc4 Qe7d7
24.Ra5a6 Ra8d8
25.Ra6xc6 Qd7d1
26.Ra1xd1 Rd8xd1
27.Qc4f1 Rd1xf1
28.Kxf1  { time }
1-0

[Event "Tourn. n9561"]
[Site "www.chess-mail.com"]
[Date "2017.11.13"]
[Round "1"]
[White "Tonino1"]
[Black "Apdash"]
[WhiteElo "2210"]
[BlackElo "2130"]
[Result "0-1"]
[Round "1"]
1.d4 d5
2.f4 e6
3.e3 Ng8f6
4.Bf1d3 c5
5.c3 Nb8c6
6.Ng1f3 Nf6e4
7.Nb1d2 f5
8.O-O Bf8e7
9.Nf3e5 O-O
10.Qd1e2 Nc6xe5
11.fxe5 Bc8d7
12.Nd2f3 c4
13.Bd3c2 Bd7e8
14.Qe2e1 g5
15.Nf3d2 Be8g6
16.Nd2xe4 fxe4
17.Rf1xf8 Qd8xf8
18.Bc1d2 a6
19.Qe1g3 Qf8g7
20.Ra1f1 Ra8f8
21.Rf1xf8 Qg7xf8
22.b3 b5
23.b4 Qf8a8
24.Bc2d1 Qa8f8
25.Bd1g4 Qf8f7
26.Bd2e1 Bg6f5
27.Bg4e2 Qf7g6
28.Qg3f2 h5
29.g3 Kg7
30.Be1d2 Qg6e8
31.Kg2 Kh6
32.h3 Bf5g6
33.g4 h4
34.Qf2e1 Qe8a8
35.Qe1a1 a5
36.Be2d1 axb4
37.cxb4 Qa8a3
38.Qa1b1 c3
39.Bd2e1 Be7xb4
40.Bd1c2 Bg6e8
41.Qb1b3 Qa3a5
42.a3 Qa5xa3
43.Qb3xa3 Bb4xa3
44.Be1xc3 b4
45.Bc3d2 Be8b5
46.Kf2 Bb5c4
47.Ke1 Bc4a2
48.Bc2a4 b3
49.Bd2c3 Kg6
50.Kd2 b2
51.Bc3xb2 Ba3xb2
52.Kc2 Bb2a3
53.Ba4e8 Kg7
54.Kd1 Ba2c4
55.Ke1 Kf8
56.Be8a4 Ke7
57.Ba4c6 Bc4a6
58.Bc6a4 Kd8
59.Ba4c6 Ba6c8
60.Bc6b5 Bc8d7
61.Bb5a6 Kc7
62.Kf2 Kb6
63.Ba6e2 Bd7b5
64.Be2d1 Ka5
65.Bd1c2 Kb4
66.Ke1 Kc3
67.Bc2d1 Ba3c1
68.Kf2 Bc1d2
 { time }
0-1

[Event "Tourn. n9557"]
[Site "www.chess-mail.com"]
[Date "2017.11.13"]
[Round "1"]
[White "Apdash"]
[Black "Tonino1"]
[WhiteElo "2210"]
[BlackElo "2310"]
[Result "1-0"]
[Round "1"]
1.d4 Ng8f6
2.Bc1g5 g6
3.Bg5xf6 exf6
4.Ng1f3 Bf8g7
5.c3 O-O
6.e3 d6
7.Bf1d3 c6
8.O-O Qd8c7
9.Nb1d2 Bc8e6
10.Qd1c2 Nb8d7
11.Nf3h4 f5
12.e4 f4
13.Nd2f3 Nd7b6
14.Rf1e1 Be6c4
15.Bd3xc4 Nb6xc4
16.Nf3d2 Nc4xd2
17.Qc2xd2 Bg7h6
18.g3 Kg7
19.Qd2d3 Qc7d7
20.Kg2 Ra8e8
21.Nh4f3 f5
22.e5 fxg3
23.hxg3 f4
24.exd6 Qd7xd6
25.Re1e4 fxg3
26.fxg3 c5
27.Ra1e1 Re8xe4
28.Qd3xe4 b6
29.d5 Rf8d8
30.c4 Rd8d7
31.Qe4e8 Rd7f7
32.Re1e6 Qd6d7
33.Qe8b8 Qd7a4
34.Qb8e5 Kg8
35.Re6e8 Bh6f8
36.Nf3g5 Qa4c2
37.Kh3 Qc2f5
38.Qe5xf5 Rf7xf5
39.Ng5e6 h5
40.Kh4 a6
41.Re8xf8 Rf5xf8
42.Ne6xf8 Kxf8
43.a4 a5
44.Kg5 Kf7
45.d6 Ke6
46.Kxg6 Kxd6
47.Kxh5 Ke5
48.g4 Kd4
49.g5 Kxc4
50.g6 Kb3
51.g7 Kxb2
52.g8Q Kc3
53.Qg8a2 Kb4
54.Kg4 b5
55.axb5 Kxb5
56.Qa2b3 Kc6
57.Qb3c4 Kb6
58.Kf4  { time }
1-0

[Event "Match"]
[Site "www.echecsemail.com"]
[Date "2017.11.13"]
[Round "1"]
[White "Pforjan"]
[Black "Irene"]
[WhiteElo "2369"]
[BlackElo "2110"]
[Result "1-0"]
[Round "1"]
1.b3 d5
2.Bc1b2 Nb8c6
3.e3 Ng8f6
4.f4 e5
5.fxe5 Nf6g4
6.Ng1f3 Nc6xe5
7.Nf3xe5 Ng4xe5
8.Bb2xe5 Qd8e7
9.Be5b2 Qe7h4
10.g3 Qh4e4
11.Rh1g1 Bf8c5
12.Nb1c3 Qe4g6
13.Bf1d3 Qg6g5
14.Qd1f3 c6
15.h4 Qg5e7
16.O-O-O O-O
17.Qf3h5 g6
18.Qh5h6 Bc5a3
19.g4 Ba3xb2
20.Kxb2 f6
21.Rd1f1 b5
22.g5 b4
23.Nc3e2 Bc8d7
24.h5 fxg5
25.hxg6 Rf8xf1
26.Rg1xf1 hxg6
27.Qh6xg6 Qe7g7
28.Qg6xg7 Kxg7
29.Ne2g3 Ra8h8
30.Bd3f5 Bd7e8
31.Rf1h1 Rh8xh1
32.Ng3xh1 Kh6
33.Nh1g3 a5
34.Kc1 Be8g6
35.Bf5xg6 Kxg6
36.d3 g4
37.Kd2 Kg5
38.Ke2 Kh4
39.Kf2 Kh3
40.Ng3f5 c5
41.e4 dxe4
42.dxe4 g3
43.Nf5xg3 Kg4
44.e5 Kg5
45.Kf3 Kg6
46.Ke4 Kf7
47.Kd5 Ke7
48.e6  { time }
1-0

[Event "Match"]
[Site "www.echecsemail.com"]
[Date "2017.11.13"]
[Round "1"]
[White "Gidi5"]
[Black "Irene"]
[WhiteElo "2059"]
[BlackElo "2080"]
[Result "1-0"]
[Round "1"]
1.e4 e5
2.Ng1f3 b6
3.Nb1c3 Ng8f6
4.Bf1c4 Bc8b7
5.Nf3xe5 d5
6.exd5 Nf6xd5
7.Ne5xf7 Qd8e7
8.Qd1e2 Qe7xe2
9.Kxe2 Nd5f4
10.Kd1 Bb7xg2
11.Rh1e1 Bf8e7
12.Nf7xh8 Bg2f3
13.Bc4e2 Bf3xe2
14.Nc3xe2 Nf4xe2
15.Re1xe2 Nb8c6
16.d3  { time }
1-0

[Event "Match"]
[Site "www.echecsemail.com"]
[Date "2017.11.13"]
[Round "1"]
[White "Pinehill"]
[Black "Paco"]
[WhiteElo "2090"]
[BlackElo "1890"]
[Result "0-1"]
[Round "1"]
1.e4 e5
2.d4 exd4
3.Bf1c4 Nb8c6
4.Ng1f3 h6
5.O-O Ng8f6
6.e5 Nf6e4
7.Rf1e1 Ne4g5
8.Nf3xd4 Bf8c5
9.Nd4b3 O-O
10.Nb3xc5 b6
11.Bc1xg5 Qd8xg5
12.Nc5d3 Bc8b7
13.Nb1d2 Nc6a5
14.f3 h5
15.Bc4b3 h4
16.Nd3f2 Ra8e8
17.Nd2e4 Qg5xe5
18.Nf2d3 Qe5f5
19.Ne4f2 c5
20.Nd3e5 Re8xe5
21.Re1xe5 Qf5xe5
22.Qd1xd7 Qe5xb2
23.Ra1d1 a6
24.Nf2d3 Qb2c3
25.Nd3f4 Qc3e3
26.Kh1 Qe3xf4
27.Bb3d5 Bb7xd5
28.Qd7xd5 Na5c4
29.Qd5h5 Nc4e3
30.Rd1d3 Ne3xc2
31.Rd3d1 Nc2e3
32.Rd1b1 g6
{ resign }
0-1

[Event "Match"]
[Site "www.echecsemail.com"]
[Date "2017.11.13"]
[Round "1"]
[White "Mdesouza"]
[Black "Lcbunghai"]
[WhiteElo "2250"]
[BlackElo "1799"]
[Result "1-0"]
[Round "1"]
1.e4 e5
2.Ng1f3 Nb8c6
3.Bf1c4 Bf8c5
4.c3 Qd8e7
5.O-O d6
6.d4 exd4
7.cxd4 Bc5b6
8.Nb1c3 Nc6d8
9.Bc1g5 f6
10.Bg5h4 Bc8e6
11.d5 Be6g4
12.Bc4e2 Ng8h6
13.h3 Bg4d7
14.Rf1e1 O-O
15.a4 a5
16.Nf3d4 Bb6xd4
17.Qd1xd4 c5
18.Qd4e3 Kh8
19.f4 b6
20.Be2f3 Ra8b8
21.g4 Nh6f7
22.Ra1d1 Nd8b7
23.b3 g5
24.Bh4g3 h6
25.h4 Kg7
26.Kg2 Rb8c8
27.Bf3e2 Nf7h8
28.e5 dxe5
29.fxe5 Rc8e8
30.e6 Bd7c8
31.hxg5 fxg5
32.Bg3e5 Kg8
33.Be2d3 Re8d8
34.Re1h1 { resign }
1-0

[Event "Match"]
[Site "www.echecsemail.com"]
[Date "2017.11.13"]
[Round "1"]
[White "Apdash"]
[Black "Krystek23"]
[WhiteElo "2230"]
[BlackElo "2430"]
[Result "0-1"]
[Round "1"]
1.d4 Ng8f6
2.c4 g6
3.g3 Bf8g7
4.Bf1g2 c6
5.Ng1f3 O-O
6.Nb1c3 d6
7.O-O Bc8f5
8.Rf1e1 Nf6e4
9.Nf3h4 Ne4xc3
10.bxc3 Bf5e6
11.d5 Be6d7
12.Qd1b3 cxd5
13.cxd5 Nb8a6
14.Bc1e3 Ra8c8
15.Ra1c1 Qd8a5
16.Be3xa7 Bg7xc3
17.Re1d1 b5
18.Ba7e3 b4
19.Be3h6 Bc3g7
20.Bh6xg7 Kxg7
21.Qb3b2 f6
22.e4 Rc8c3
23.Bg2f1 Na6c5
24.Rd1d4 Rc3xc1
25.Qb2xc1 b3
26.Qc1b2 bxa2
27.Rd4d1 Rf8a8
28.Rd1a1 Qa5a4
29.f4 Nc5b3
30.Nh4g2 Nb3xa1
31.Qb2xa1 Qa4xe4
32.Ng2e1 Qe4b1
{ resign }
0-1

[Event "Match"]
[Site "www.echecsemail.com"]
[Date "2017.11.13"]
[Round "1"]
[White "Lcbunghai"]
[Black "Irene"]
[WhiteElo "1799"]
[BlackElo "2070"]
[Result "1-0"]
[Round "1"]
1.e4 e5
2.Ng1f3 d6
3.d4 exd4
4.Nf3xd4 b6
5.Bf1e2 g6
6.O-O Bf8g7
7.Nb1c3 Bc8b7
8.Be2f3 Qd8h4
9.g3 Qh4f6
10.e5 dxe5
11.Bf3xb7 exd4
12.Nc3d5 Qf6d6
13.Bb7xa8 c6
14.Bc1f4 Qd6xd5
15.Bf4xb8 Ng8e7
16.Rf1e1 O-O
17.Re1xe7 Rf8xb8
18.Re7xa7 Rb8c8
19.Qd1e1 Qd5d8
20.Ba8b7 Qd8d7
21.Bb7xc8 Qd7xa7
22.Qe1e8 Bg7f8
23.Qe8xc6 Qa7b8
24.Ra1e1 Bf8d6
25.Re1e8 Kg7
26.Re8d8 Bd6c5
27.Qc6e8  { time }
1-0

[Event "Match"]
[Site "www.echecsemail.com"]
[Date "2017.11.13"]
[Round "1"]
[White "Fedallah"]
[Black "Tonino1"]
[WhiteElo "2230"]
[BlackElo "2210"]
[Result "1-0"]
[Round "1"]
1.e4 d6
2.d4 Ng8f6
3.Nb1c3 g6
4.f4 Bf8g7
5.Ng1f3 O-O
6.Bf1d3 c6
7.e5 Nf6e8
8.O-O Qd8c7
9.Bc1e3 d5
10.Nc3e2 e6
11.g4 Qc7e7
12.Ne2g3 Nb8d7
13.f5 exf5
14.gxf5 Qe7d8
15.Qd1d2 Qd8b6
16.c3 Bg7h8
17.fxg6 hxg6
18.e6 fxe6
19.Bd3xg6 Ne8f6
20.Nf3g5 c5
21.Qd2c2 Bh8g7
22.Ng3h5 Nf6xh5
23.Bg6xh5 Nd7f6
24.Bh5g6 c4
25.Bg6h7 Kh8
26.Rf1f4 Bg7h6
27.Rf4h4 Bh6xg5
28.Be3xg5 Kg7
29.Qc2g6  { time }
1-0

[Event "Match"]
[Site "www.echecsemail.com"]
[Date "2017.11.13"]
[Round "1"]
[White "Irene"]
[Black "Joaodelisboa"]
[WhiteElo "2080"]
[BlackElo "1899"]
[Result "0-1"]
[Round "1"]
1.d4 Ng8f6
2.Nb1c3 e6
3.e4 d6
4.Ng1f3 Bf8e7
5.e5 dxe5
6.Nf3xe5 O-O
7.g3 Nf6d5
8.Nc3xd5 Qd8xd5
9.f3 Nb8c6
10.Bc1f4 Nc6xe5
11.Bf4xe5 Be7d6
12.Qd1d2 Bd6xe5
13.dxe5 Qd5xe5
 { time }
0-1

[Event "Match"]
[Site "www.echecsemail.com"]
[Date "2017.11.13"]
[Round "1"]
[White "Fangshuo"]
[Black "Ericleo1980"]
[WhiteElo "2060"]
[BlackElo "2270"]
[Result "1-0"]
[Round "1"]
1.e4 c5
2.Ng1f3 d6
3.d4 cxd4
4.Nf3xd4 Ng8f6
5.Nb1c3 a6
6.Bc1g5 e6
7.Bf1d3 b5
8.O-O Nb8d7
9.f4 Qd8b6
10.Nc3e2 e5
11.fxe5 dxe5
12.Bg5xf6 Nd7xf6
13.Kh1 exd4
14.e5 Nf6g4
15.Ne2xd4 Qb6h6
16.h3 Ra8a7
17.Qd1f3  { time }
1-0

[Event "Match"]
[Site "www.echecsemail.com"]
[Date "2017.11.13"]
[Round "1"]
[White "Add"]
[Black "Gidi5"]
[WhiteElo "2190"]
[BlackElo "2280"]
[Result "1/2-1/2"]
[Round "1"]
1.c4 Ng8f6
2.Nb1c3 e6
3.e4 d6
4.d3 Bf8e7
5.Ng1f3 O-O
6.Bf1e2 b6
7.O-O Bc8b7
8.b3 Nb8d7
9.a3 a5
10.Bc1b2 e5
11.b4 axb4
12.axb4 Ra8xa1
13.Qd1xa1 c5
14.b5 Rf8e8
15.Qa1a7 Qd8c7
16.Qa7a1 Re8a8
17.Qa1c1 Nd7f8
18.Qc1c2 Nf8g6
19.Bb2c1 Bb7c8
20.Bc1g5 Bc8e6
21.g3 Be6h3
22.Rf1b1 h6
23.Bg5xf6 Be7xf6
24.Nc3d5 Qc7d8
25.Be2f1 Bh3g4
26.Bf1g2 Bg4e6
27.Nd5xf6 Qd8xf6
28.Nf3e1 Ra8a5
29.Qc2d2 Qf6d8
30.Ne1c2 Qd8a8
31.Qd2d1 Ra5a2
32.Rb1a1 Ra2xa1
33.Nc2xa1 Qa8a3
34.Na1c2 { draw }
1/2-1/2

[Event "Match"]
[Site "www.echecsemail.com"]
[Date "2017.11.13"]
[Round "1"]
[White "Cristiano"]
[Black "Silikon"]
[WhiteElo "1660"]
[BlackElo "1870"]
[Result "1-0"]
[Round "1"]
1.e4 e5
2.f4 exf4
3.Ng1f3 c6
4.d4 d5
5.exd5 cxd5
6.Bc1xf4 Nb8c6
7.Nb1c3 Bf8b4
8.Bf1d3 Bc8g4
9.Qd1e2 Ng8e7
10.Bf4e3 O-O
11.O-O Rf8e8
12.Bd3xh7 Kxh7
13.Nf3g5 Kg8
14.Qe2xg4 f6
15.Ng5e6 Kf7
16.Ne6xd8 Ra8xd8
17.Qg4h5 Ke6
18.a3 Bb4d6
19.Ra1e1 Re8h8
20.Be3f4 Kd7
21.Qh5g4 Kc7
22.Nc3b5 Kb8
23.Nb5xd6 Nc6xd4
24.Nd6b5 Ka8
25.Nb5xd4 Rh8h7
26.Re1xe7 Rd8h8
27.Qg4d7 Rh8b8
28.Bf4xb8 Rh7h8
29.Bb8d6 a6
30.Qd7xb7 
1-0

[Event "Match"]
[Site "www.echecsemail.com"]
[Date "2017.11.13"]
[Round "1"]
[White "Billyg"]
[Black "Babedad"]
[WhiteElo "1740"]
[BlackElo "2120"]
[Result "1-0"]
[Round "1"]
1.e4 e6
2.d4 d5
3.exd5 exd5
4.Nb1c3 Bf8b4
5.Bc1d2 Ng8e7
6.a3 Bb4d6
7.Qd1e2 c6
8.h3 Bc8f5
9.g4 Bf5g6
10.O-O-O b5
11.Bf1g2 O-O
12.Bd2g5 f6
13.Bg5h4 Nb8a6
14.Qe2e6 Bg6f7
15.Qe6e3 Ne7g6
16.Bh4g3 Rf8e8
17.Qe3f3 Qd8a5
18.Bg3xd6 { resign }
1-0